ArchiCAD 15 в примерах. Русская версия

Bibliografiske detaljer
Hovedforfatter: Малова Н. А. Наталья Анатольевна
Summary:Книга основана на авторской методике обучения, отработанной за пятнадцать лет преподавания студентам архитектурно-строительных специальностей. Рассматриваются основные приемы работы при индивидуальном проектировании, общие принципы построения и операций редактирования, правила создания геометрических форм, основы проектирования средствами конструкционных элементов, создание сложных объемных моделей, в том числе собственных библиотечных элементов, работа с источниками света и покрытиями для создания реалистичных изображений, формирование макета проекта. Подробно рассмотрены новые возможности ArchiCAD 15. Для практического освоения приемов работы предложено большое количество примеров.
Sprog:russisk
Udgivet: Санкт-Петербург, БХВ-Петербург, 2012
Fag:
Format: MixedMaterials Bog
KOHA link:https://koha.lib.tpu.ru/cgi-bin/koha/opac-detail.pl?biblionumber=228251

MARC

LEADER 00000nam0a2200000 4500
001 228251
005 20231101230848.0
010 |a 9785977508476 
035 |a (RuTPU)RU\TPU\book\248707 
090 |a 228251 
100 |a 20121218d2012 m y0rusy50 ca 
101 0 |a rus 
102 |a RU 
105 |a a j 000zy 
200 1 |a ArchiCAD 15 в примерах. Русская версия  |f Н. А. Малова 
210 |a Санкт-Петербург  |c БХВ-Петербург  |d 2012 
215 |a 431 с.  |c ил. 
330 |a Книга основана на авторской методике обучения, отработанной за пятнадцать лет преподавания студентам архитектурно-строительных специальностей. Рассматриваются основные приемы работы при индивидуальном проектировании, общие принципы построения и операций редактирования, правила создания геометрических форм, основы проектирования средствами конструкционных элементов, создание сложных объемных моделей, в том числе собственных библиотечных элементов, работа с источниками света и покрытиями для создания реалистичных изображений, формирование макета проекта. Подробно рассмотрены новые возможности ArchiCAD 15. Для практического освоения приемов работы предложено большое количество примеров. 
606 1 |a Графические программы  |2 stltpush  |3 (RuTPU)RU\TPU\subj\71752  |9 85521 
610 1 |a ArchiCAD 15 
610 1 |a чертежи 
610 1 |a редактирование 
610 1 |a конструирование 
610 1 |a трехмерное моделирование 
610 1 |a проекты 
610 1 |a макеты 
610 1 |a визуализация 
610 1 |a презентация 
610 1 |a примеры 
610 1 |a архитектурно-строительное черчение 
610 1 |a учебные пособия 
675 |a 004.42:004.92(075.8)  |v 4 
700 1 |a Малова  |b Н. А.  |g Наталья Анатольевна 
801 1 |a RU  |b 63413507  |c 20121218 
801 2 |a RU  |b 63413507  |c 20140423  |g RCR 
942 |c BK 
959 |a 161/20121218  |d 1  |e 279,00  |f ЧЗТЛ:1